01147nam a2200253Ia 4500003000900000008004100009020002200050040001600072080002600088111009300114245027000207260002900477300002300506650003600529650001900565650001800584650003500602700003400637700002900671700002800700942000700728999001700735952014100752IN-BaIIA211028s9999 xx 000 0 eng d a978-1-4020-8867-4 cIIA Library a523.9-466(082.1)bTUR aKodai-Trieste Workshop on Plasma Astrophysicsn1stcKodaikanald2007 Aug 27-Sep 7932291 0aTurbulence, dynamos, accretion disks, pulsars and collective plasma processesbproceedings of the first Kodai-Trieste Workshop on plasma Astrophysics, held in Kodaikanal, India , August 27 - Sept.ember 7, 2007cedited by S.S. Hasan, R.T. Gangadhara, and V. Krishan. aNew YorkbSpringerc2009 a[various pagings.] aAstrophysical turbulence926034 aDynamos932292 aPulsars97214 aSolar and Space plasmas932293 aGangadhara, R. T., ed.932294 aHasan, S. S., ed.932295 aKrishan, V., ed.917033 cBK c17140d17140 00104070aBANbBANcGENd2008-12-23eBSS g395.00l0o523.9-466(082.1)/ TURp18062r2021-11-05v395.00w2008-12-23yBKGRs. 395.00